| 000 | 00839nam a2200265Ia 4500 | ||
|---|---|---|---|
| 003 | OSt | ||
| 005 | 20221005081422.0 | ||
| 006 | a|||||r|||| 00| 0 | ||
| 007 | ta | ||
| 008 | 221004b |||||||| |||| 00| 0 eng d | ||
| 024 | _a74795 | ||
| 037 | _cTextual | ||
| 040 |
_aCRL _cCRL _beng |
||
| 041 |
_2eng _aeng |
||
| 082 | _aY73(P15), N8 | ||
| 100 |
_aRao B. Janardhan and others _9611051 |
||
| 110 |
_aRajiv Gandhi institute for contemporary studies _9611052 |
||
| 245 | 0 |
_aProblems in tribal society _b Some aspects |
|
| 260 |
_aNew Delhi _bRajiv Gandhi Institute For Contemporary Studies India _c1998 |
||
| 300 |
_a83p _ccm. |
||
| 650 | _aSOCIOLOGY | ||
| 700 |
_aRajiv Gandhi institute for contemporary studies _9611053 |
||
| 942 |
_hY73(P15), N8 _cTEXL _2cc |
||
| 999 |
_c987666 _d987666 |
||